00286nam a22001097a 4500020001800000082001600018100003200034245003400066260004800100300000800148650002000156 a9703374045372 a261.250 SIN aSinn, SimoneaTong Wing-SZE aInteractive Pluralism in Asia aGermanybThe Lutheren World Fedrationc2016 a198 aPluralisim-Asia